Регионална библиотека "Любен Каравелов" - Русе

Не всичко започва от теб (Запис номер 415387)

MARC детайли
000 -Лидер
Контролно поле с фиксирана дължина 01727nam a2200361 a 4500
003 - Код на организацията, давaща контролен номер
Контролно поле BLK
005 - Дата и час на последна редакция
Контролно поле 20250520135653.0
008 - Елементи от данни с фиксирана дължина
fixed length control field 180408b bul|||||r ||||||| ||bul||
010 ## - Наследен системен номер
LC control number KNG00090583000
020 ## - Международен стандартен номер на книга ISBN
Международен стандартен номер на книга ISBN 9786190107651
040 ## - Източник на каталожния запис
Идентификатор на билиотеката - собственик на записа BLK
041 ## - Код за език
Код за езика на текст/звукозапис или на отделно заглавие Български
Код за езика КДБФ Български
080 ## - УДК
Текстов определител УДК Психотехника. Приложна психология. Психотестове. Консултативна психология
УДК код - определител по УДК 159.98
УДК - код + определител 159.98
080 ## - УДК
Текстов определител УДК Безсъзнателно и подсъзнателно
УДК код - определител по УДК 159.964
УДК - код + определител 159.964
100 ## - Редна дума - Автор
Автор Уолин, Марк
Авторска отговорност първи автор
R(LIN) 454698
139 ## - Редно поле
Редна дума Уолин, Марк
Авторски знак Уол - У 68
245 10 - Сведения за заглавието
Заглавие Не всичко започва от теб
Подзаглавни данни как наследената семейна травма определя кои сме и как да променим това
Редно поле (дума) Марк Уолин ; прев. от англ. Евелина Андонова.
257 ## - Страна на издаване
Страна на създаване/издаване България
260 ## - Област на издателските данни
Място на издаване, разпространение и проч. София
Име на издателя, разпространителя и проч. Изток-Запад
Година на издаване 2021
9 (RLIN) 210881
Издателство - префикс ISBN 978-619-01- ; 978-619-152- ; 978-954-321- ; 954-8945-
300 ## - Физическа характеристика
Страници 254 с.
Илюстрации и др. със сх.
Размери/Мащаб 22 см
380 ## - Жанр
Жанр Философия
500 ## - Общи забележки
Забележка Ориг. загл.: It didn't start with you / Mark Wolynn. - Речник на термините: с. 241-242. - За автора: с. 253.
650 #7 - Допълнително описание по предмет – тема
Основно описание – тема или топоним Психотерапия
9 (RLIN) 168415
650 #7 - Допълнително описание по предмет – тема
Основно описание – тема или топоним Психотехника
9 (RLIN) 168425
653 #7 - Ключова дума – ненормативна
Ключова дума семейство
9 (RLIN) 196445
653 #7 - Ключова дума – ненормативна
Ключова дума наследственост
9 (RLIN) 191796
700 ## - Други автори (авторска отговорност)
Лично име Андонова, Евелина Огнянова
9 (RLIN) 303278
852 ## - Местоположение
Фондова буква Заемна - подръчен фонд
Систематично-азбучна сигнатура 159.9/У 68 М
999 ## - СИСТЕМНИ КОНТРОЛНИ НОМЕРА
Koha biblionumber 415387
Koha biblioitemnumber 415387
942 ## - АРТИКУЛИ
Вид на библиотечния материал Книги
Скрит в OPAC Не
Периодичен библиозапис Да
Koha issues (borrowed), all copies 70
944 ## - СЪЗДАВАНЕ И РЕДАКЦИЯ на ЗАПИСА
Служител, извършил регистрацията/редакцията 30570
Статус, дата на статуса Моника Янева
944 ## - СЪЗДАВАНЕ И РЕДАКЦИЯ на ЗАПИСА
Служител, извършил регистрацията/редакцията ГГГ
Създаване/Редакция Редакция
Дата на регистрацията/редакция 2021-11-05
999 ## - СИСТЕМНИ КОНТРОЛНИ НОМЕРА
Koha biblioitemnumber 415387
Наличности
Код за отписване Код за изгубен артикул Източник на класификационната схема Код за повреда Коз за рестрикции Код за отдаване Артикулен № Име на библиотеката - собственик Име на библиотеката, в която се намира в момента Статус (Текущо местоположение) Дата на вписване в системата Местоположение - отдел Цена в лева Систематично азбучна сигнатура Баркод Цена в евро Служебен тип на артикула
  Не е изгубен Universal Decimal Classification Не е повреден без рестрикции заемане за дома 832043 Регионална библиотека "Любен Каравелов" Русе Регионална библиотека "Любен Каравелов" Русе Заемна - подръчен фонд 2021-05-21 Заемна - подръчен фонд 14.92 159.9/У 68 М 120000855216 7.63 Книги
  Не е изгубен Universal Decimal Classification Не е повреден без рестрикции заемане за дома 832044 Регионална библиотека "Любен Каравелов" Русе Регионална библиотека "Любен Каравелов" Русе Заемна - подръчен фонд 2021-05-21 Заемна - подръчен фонд 14.92 159.9/У 68 М 120000855215 7.63 Книги
  Не е изгубен Universal Decimal Classification Не е повреден само за читалня ползва се в читалня 835010 Регионална библиотека "Любен Каравелов" Русе Регионална библиотека "Любен Каравелов" Русе Хранилище 2021-06-07 Хранилище 19.90 Цб 307452 120000855665 10.17 Книги
  Не е изгубен Universal Decimal Classification Не е повреден без рестрикции заемане за дома 860672 Регионална библиотека "Любен Каравелов" Русе Регионална библиотека "Любен Каравелов" Русе Заемна - подръчен фонд 2021-11-08 Заемна - подръчен фонд 13.93 159.9/У 68 М 120000862023 7.12 Книги
  Не е изгубен Universal Decimal Classification Не е повреден без рестрикции заемане за дома 860673 Регионална библиотека "Любен Каравелов" Русе Регионална библиотека "Любен Каравелов" Русе Заемна - подръчен фонд 2021-11-08 Заемна - подръчен фонд 13.93 159.9/У 68 М 120000862022 7.12 Книги
Vip Innovations Ltd, Rousse, Bulgaria 2025